Skills for Effective writing / (رقم التسجيلة. 35611)
[ عرض عادي ]
| 000 -الفاتح | |
|---|---|
| حقل البيانات ثابتة الطول | 01403cam a2200349 a 4500 |
| 001 - رقم الضبط | |
| رقم الضبط | 15181439 |
| 003 - محدد رقم الضبط | |
| رقم الضبط | OSt |
| 005 - وقت وتاريخ اخر تعامل مع التسجيلة | |
| رقم الضبط | 20150408114223.0 |
| 008 - عناصر البيانات ثابتة الطول - معلومات عامة | |
| حقل البيانات ثابتة الطول | 080214s2013 enka bf 001 0 eng |
| 010 ## - رقم ضبط مكتبة الكونجرس | |
| رقم ضبط مكتبة الكونجرس | 2008006860 |
| 015 ## - رقم الببليوجرافية الوطنية | |
| رقم الببليوجرافية الوطنية | GBA848226 |
| المصدر | bnb |
| 016 7# - رقم ضبط الوكاله الوطنية للضبط الببليوجرافي | |
| رقم ضبط التسجيلة | 014567086 |
| المصدر | Uk |
| 020 ## - الرقم الدولى المعيارى للكتب | |
| الرقم الدولى المعيارى للكتاب | 9781107684348 |
| 035 ## - رقم ضبط النظام | |
| رقم ضبط النظام | (OCoLC)ocn192109790 |
| 035 ## - رقم ضبط النظام | |
| رقم ضبط النظام | (OCoLC)192109790 |
| رقم الضبط الملغى والمتاح | (OCoLC)191922449 |
| 040 ## - مصدر الفهرسة | |
| وكالة الفهرسة الأصلية | DLC |
| وكالة النسخ | DLC |
| وكالة التعديل | BAKER |
| -- | BTCTA |
| -- | UKM |
| -- | BWKUK |
| -- | YDXCP |
| -- | BWK |
| -- | DLC |
| 050 00 - رقم طلب مكتبة الكونجرس | |
| رقم التصنيف | HF5718.3 |
| رقم المادة | .F67 2008 |
| 082 00 - رقم تصنيف ديوى العشرى | |
| رقم التصنيف | 808.066659 |
| رقم الطبعة | 22 |
| رقم المادة | SKE |
| 100 1# - المدخل الرئيسى - إسم شخصى | |
| التواريخ المصاحبة للاسم | - |
| 9 (RLIN) | 15115 |
| 245 10 - بيان العنوان | |
| العنوان | Skills for Effective writing / |
| بيان المسئوليه,etc | Cambridge |
| 260 ## - PUBLICATION, DISTRIBUTION, ETC. (IMPRINT) | |
| مكان الناشر او الموزع | London ; |
| اسم الناشر او الموزع | Cambridge |
| تاريخ النشر أو التوزيع | 2013 |
| 300 ## - الوصف المادى | |
| التعداد | xvi, 270 p. : |
| تفاصيل ماديه اخرى للوعاء | ill. ; |
| أبعاد الوعاء | 24 cm. |
| 440 #0 - بيان السلسلة/مدخل إضافى-العنوان | |
| العنوان | PR in practice series |
| 9 (RLIN) | 15116 |
| 504 ## - تبصرة ببليوجرافية | |
| تبصرة ببليوجرافية,الخ | Includes bibliographical references (p. 259-260) and index. |
| 650 #0 - المدخل الاضافى بالموضوع-مصطلح موضوعى | |
| مصطلح موضوعي أو اسم جغرافي كعنصر مدخل | Business writing |
| التقسيم الفرعي الشكلي | Handbooks, manuals, etc. |
| 9 (RLIN) | 15117 |
| 650 #0 - المدخل الاضافى بالموضوع-مصطلح موضوعى | |
| مصطلح موضوعي أو اسم جغرافي كعنصر مدخل | Public relations |
| التقسيم الفرعي الشكلي | Handbooks, manuals, etc. |
| 9 (RLIN) | 15118 |
| 856 42 - الوصول و الموقع الالكترونى | |
| مواد محددة | Contributor biographical information |
| معرف المصدر الموحد | <a href="http://www.loc.gov/catdir/enhancements/fy0835/2008006860-b.html">http://www.loc.gov/catdir/enhancements/fy0835/2008006860-b.html</a> |
| 856 42 - الوصول و الموقع الالكترونى | |
| مواد محددة | Publisher description |
| معرف المصدر الموحد | <a href="http://www.loc.gov/catdir/enhancements/fy0835/2008006860-d.html">http://www.loc.gov/catdir/enhancements/fy0835/2008006860-d.html</a> |
| 856 41 - الوصول و الموقع الالكترونى | |
| مواد محددة | Table of contents only |
| معرف المصدر الموحد | <a href="http://www.loc.gov/catdir/enhancements/fy0835/2008006860-t.html">http://www.loc.gov/catdir/enhancements/fy0835/2008006860-t.html</a> |
| 942 ## - عناصر المدخل الإضافي( كوها) | |
| مصدر التصنيف او مخطط الترفيف | Dewey Decimal Classification |
| Koha [default] item type | كتاب |
| حالة الفقد | نموذج السعر الفعال | حالة تلف | ليس للاعارة | رقم الطلب | تاريخ الاكتساب | الموقع الحالي | الباركود | الفرع الرئيسي | Date last checked out | Date last seen | نوع المادة فى نظام كوها | مصدر التصنيف او خطة الترفيف | Total Checkouts |
|---|---|---|---|---|---|---|---|---|---|---|---|---|---|
| 2014-07-10 | 808.066659 SKE | 2014-07-10 | المكتبة المركزية بالمجمعة (CL) | 00653531 | المكتبة المركزية بالمجمعة (CL) | 2021-11-08 | 2022-05-31 | كتاب | Dewey Decimal Classification | 1 | |||
| 2014-07-10 | 808.066659 SKE | 2014-07-10 | المكتبة المركزية بالمجمعة (CL) | 00653532 | المكتبة المركزية بالمجمعة (CL) | 2014-07-10 | كتاب | Dewey Decimal Classification | |||||
| 2014-07-10 | 808.066659 SKE | 2014-07-10 | المكتبة المركزية بالمجمعة (CL) | 00653533 | المكتبة المركزية بالمجمعة (CL) | 2014-07-10 | كتاب | Dewey Decimal Classification | |||||
| 2014-07-10 | 808.066659 SKE | 2014-07-10 | مكتبة كلية التربية بالزلفى - طالبات (EZF) | 00653534 | مكتبة مجمع الكليات بالزلفى - طلاب (SZM) | 2019-01-14 | 2019-01-30 | كتاب | Dewey Decimal Classification | 1 | |||
| 2014-07-10 | 808.066659 SKE | 2014-07-10 | مكتبة مجمع الكليات بالزلفى - طلاب (SZM) | 00653535 | مكتبة مجمع الكليات بالزلفى - طلاب (SZM) | 2014-07-10 | كتاب | Dewey Decimal Classification |
